| 000 | 01618nam a2200385 i 4500 | ||
|---|---|---|---|
| 003 | DO-SdBNP | ||
| 005 | 20250501152034.0 | ||
| 007 | ta | ||
| 008 | 250501s2017 ck aco r 000 0 spa d | ||
| 020 | _a9789584817570 | ||
| 040 |
_aDO-SdBNP _bspa _cBNPHU _erda |
||
| 082 |
_a780.9861 _bC718 _222 |
||
| 245 | 0 | 0 |
_aColombia- República Dominicana : _bpuentes musicales sobre el mar Caribe / _ccompilador, Álvaro Suescún T. ; autores, José Antonio Segebre, Daniella Cura, Jaime Monsalve, Alexis Méndez, Heriberto Fiorillo y otros |
| 250 | _aPrimera edición | ||
| 264 | 1 |
_aBarranquilla, Colombia : _bFundación Cultural Letra Clave, _c2017. |
|
| 300 |
_a109 páginas ; _bilustraciones, retratos, fotografías ; _c22 cm. |
||
| 336 |
_atexto _btxt _2rdacontent |
||
| 337 |
_asin mediación _bn _2rdamedia |
||
| 338 |
_avolumen _bnc _2rdacarrier |
||
| 500 | _aIncluye datos biografícos de los autores. | ||
| 590 | _aInventariado, 2025/ YL | ||
| 650 |
_aMúsica colombiana _xHistoria y crítica _987631 |
||
| 650 |
_aMúsica dominicana _xHistoria y crítica |
||
| 700 | 1 |
_aSuescún T., Álvaro, _ecompilador _4comp. _987632 |
|
| 700 | 1 |
_aSegebre Berardinelli, José Antonio, _d1964- _eautor _4aut. _987633 |
|
| 700 | 1 |
_aCura, Daniella _eautor _4aut. _987634 |
|
| 700 | 1 |
_aMonsalve, Jaime _eautor _4aut. _987635 |
|
| 700 | 1 |
_aMéndez, Alexis _eautor _4aut. _943326 |
|
| 700 | 1 |
_aFiorillo, Heriberto _eautor _4aut. _944315 |
|
| 700 | 1 |
_aMattos Omar, Joaquín _eautor _4aut. _987636 |
|
| 700 | 1 |
_aPérez, Fausto _eautor _4aut. _987637 |
|
| 700 | 1 |
_aNoriega, Zoraida _eautor _4aut. _987638 |
|
| 910 | _aYLockward | ||
| 942 |
_2ddc _cLBS1 |
||
| 999 |
_c58909 _d58909 |
||